Obras completas
Furkejuvvon:
| Váldodahkki: | |
|---|---|
| Materiálatiipa: | Girji |
| Giella: | espánnjágiella |
| Almmustuhtton: |
Madrid
Aguilar
1958
|
| Preanttus: | 3a. ed |
| Ráidu: | Obras Completas de Juan Valera
|
| Fáttát: | |
| Fáddágilkorat: |
Lasit fáddágilkoriid
Eai fáddágilkorat, Lasit vuosttaš fáddágilkora!
|
MARC
| LEADER | 00000nam a2200000 a 4500 | ||
|---|---|---|---|
| 001 | UCQ4732 | ||
| 003 | CL-VaPUC | ||
| 008 | 980910e19580000SP |||||||||||||||||spa|d | ||
| 082 | 0 | 4 | |a 860.8 |b VAL |2 21 |
| 100 | 0 | |a Valera, Juan |e author |9 345367 | |
| 245 | 1 | 0 | |a Obras completas |
| 250 | |a 3a. ed | ||
| 300 | |a 3 v | ||
| 942 | |c BK | ||
| 945 | |d 19980910 00:00:00 |a lriquelm | ||
| 260 | |a Madrid |b Aguilar |c 1958 | ||
| 500 | |a v.1: Novelas, cuentos, teatro, poesía | ||
| 500 | |a v.2: Crítica literaria | ||
| 500 | |a v.3: Correspondencia, historia política, discursos académicos, miscelánea | ||
| 650 | 0 | |a Literatura española |9 306261 | |
| 650 | 0 | |a Novelas españolas |9 265052 | |
| 650 | 0 | |a Poesías españolas |9 265100 | |
| 650 | 0 | |a Cuentos españoles |9 267960 | |
| 650 | 0 | |a Dramas españoles |9 267081 | |
| 650 | 0 | |a Crítica literaria |9 269189 | |
| 650 | 7 | |a CORRESPONDENCIAS |2 CL-VaPUC |9 256500 | |
| 650 | 0 | |a Discursos |9 265028 | |
| 583 | |a last modification |c 19980910 00:00:00 |k Rodrigo Vera | ||
| 490 | 0 | |a Obras Completas de Juan Valera | |
| 999 | |c 275035 |d 275033 | ||
| 952 | |0 0 |1 0 |4 0 |6 860_800000000000000_VAL_1958 |7 0 |8 A |9 311554 |a BIBEDU |b BIBEDU |d 2019-11-20 |h v.2 |i 3160858 |o 860.8 VAL 1958 |p 3160858 |r 2019-11-20 |w 2019-11-20 |y BK |k LIT | ||
| 952 | |0 0 |1 0 |4 0 |6 860_800000000000000_VAL_1958 |7 0 |8 A |9 311555 |a BIBEDU |b BIBEDU |d 2019-11-20 |h v.3 |i 3160866 |o 860.8 VAL 1958 |p 3160866 |r 2019-11-20 |w 2019-11-20 |y BK |k LIT | ||